=LDR 00000nam 2200000 4500 =001 INLIS000000000034445 =005 20130612140343 =008 ***********************************ind** =035 ##$$0010-061300000034445 =041 ##$$a ind =082 ##$$a 540.7 =090 ##$$a 540.7, Zhl k =100 ##$$a Zulfikar =245 ##$$a Kimia Kesehatan untuk SMK/ Zulfikar =260 ##$$a 2008 $b Jakarta =300 ##$$a ... Jil., Ilus., 25 cm =650 ##$$a Kimia Studi dan Pengajaran =850 ##$$a NBPNMAT =990 ##$$a 0001/BPAP-NTB/20142014 =990 ##$$a 0001/BPAP-NTB/2015